Zo spomienok učiteľky

Bibliographic Details
Main Author: Hargašová, Božena (Author)
Format: Book
Language:Slovak
PhysicalDescription:95 strán faksimile, fotografie, ilustrácie
Published: Bratislava Vydavateľstvo Pozsony / Pressburg / Bratislava 2019
ISBN:9788085474879
Subjects:

MARC

LEADER 00000cam a2200000 4500
001 vtls011917415
003 SK-MaSNL
005 20260301052736.0
008 210624s2019 xo hoa grh 000 1bslo
015 |a SNBA2020/11 
020 |a 9788085474879  |q (viazané) 
035 |a urn:nbn:sk:snk-am00enq2 
035 |a urn:nbn:sk:snk-am3ikyk 
035 |a B562F10C-2A3C-4CB6-BDDF-9871EC23BAA7 
040 |a SNK  |b slo  |c SNK  |e rda 
041 0 |a slo 
044 |a xo  |c SK 
072 7 |a 929  |x Biografie  |2 konspekt 
072 7 |a 821.162.4-3  |x Slovenská próza  |2 konspekt 
080 |a (0:82-94)  |2 2011 
080 |a 929(092)  |2 2011 
080 |a 821.162.4-32  |2 2011 
100 1 |a Hargašová, Božena  |4 aut  |9 362085 
245 1 0 |a Zo spomienok učiteľky  |c Božena Hargašová 
264 1 |a Bratislava  |b Vydavateľstvo Pozsony / Pressburg / Bratislava  |c 2019 
300 |a 95 strán  |b faksimile, fotografie, ilustrácie 
336 |a text  |b txt  |2 rdacontent 
336 |a statický obraz  |b sti  |2 rdacontent 
337 |a bez média  |b n  |2 rdamedia 
338 |a zväzok  |b nc  |2 rdacarrier 
600 1 7 |a Hargašová, Božena  |2 SNKMA  |9 362085 
655 7 |a spomienky  |2 SNKPH  |9 29509 
655 7 |a Reminiscences  |2 SNKPHeng  |9 93477 
655 7 |a biografie  |2 SNKPH  |9 27965 
655 7 |a Biography  |2 SNKPHeng  |9 266314 
655 7 |a slovenské príbehy  |2 SNKPH  |9 70494 
655 7 |a Slovak stories  |2 SNKPHeng  |9 277112 
919 |a 978-80-85474-87-9 
958 |a LX 
958 |a BX 
999 |c 606549  |d 608479 
952 |a SNK  |b SNK  |y PREZ  |7 0  |p 17A1415737  |o snkSC 187921  |i snk2020/3413  |8 0  |0 0  |1 0  |4 0  |d 2020-02-13  |f 1  |l 0  |r 2026-02-23 16:11:16  |w 2026-02-23 
952 |a SNK  |b SNK  |y VYP  |7 0  |p 17A1415738  |o snkSC 187921 D1  |i snk2020/3414  |8 0  |0 0  |1 0  |4 0  |d 2020-02-13  |l 0  |r 2026-02-23 16:11:16  |w 2026-02-23